Self-signaling in Voting

Tento článok predstavuje dvojvlnový prieskumný experiment na preskúmanie vplyvu obáv o sebaobraz na správanie pri voľbách.

Na minha lista:
Detalhes bibliográficos
Autor principal: Mechtenberg, Lydia
Outros Autores: Perino, Grisha, Treich, Nicolas, Tyran, Jean-Robert, 1967-, Wang, Stephanie, W.
Formato: Capítulo de Livro
Idioma:inglês
Tags: Adicionar Tag
Sem tags, seja o primeiro a adicionar uma tag!

MARC

LEADER 00000naa a2200000 4500
001 0299452
005 20250127144135.0
041 0 |a eng 
044 |a NL 
245 1 0 |a Self-signaling in Voting  |c Lydia Mechtenberg, Grisha Perino, Nicolas Treich, Jean-Robert Tyran, Stephanie Wang 
520 |a Tento článok predstavuje dvojvlnový prieskumný experiment na preskúmanie vplyvu obáv o sebaobraz na správanie pri voľbách. 
100 1 |a Mechtenberg, Lydia 
700 1 |a Perino, Grisha 
700 1 |a Treich, Nicolas 
700 1 |a Tyran, Jean-Robert, 1967- 
700 1 |a Wang, Stephanie, W.